Vysoké budovy ich situovanie v území a požiarna bezpečnosť

Podrobná bibliografia
Hlavný autor: Iringová, Agnes, 1962- (Autor)
Médium: Článok
Jazyk:slovenčina
PhysicalDescription:Fotogr., obr.
ISSN:1335-1249
Predmet:

MARC

LEADER 00000nab a2200000 a 4500
001 vtls008961791
003 SK-MaSNL
005 20260304145044.0
008 250505c2007 xo zr|p|||||||000 b|slo
015 |a SNBRB2007/04  |2 snkbucl 
035 |a (uuid)500769b1-e243-46cf-a2cd-29c33e451ab3 
035 |a urn:nbn:sk:snk-abadwf 
035 |a (urnnbn)urn:nbn:sk:snk:ar-008e1b 
038 |a SNKBUCL 
040 |a SNKBUCL  |b slo  |c SNKBUCL  |e AACR2 
041 0 |a slo 
044 |a xo  |c SK 
080 |a 721.012.27:72.012.22:614.84  |2 2001 
080 |a 614.84  |2 2001 
080 |a 72.012.22  |2 2001 
100 1 |a Iringová, Agnes,  |d 1962-  |4 aut  |9 220528 
245 1 0 |a Vysoké budovy  |b ich situovanie v území a požiarna bezpečnosť  |c Agnesa Iringová 
300 |b Fotogr., obr. 
650 0 7 |a výškové budovy  |2 snkbucl  |9 438942 
650 0 7 |a požiarna bezpečnosť  |2 snkbucl  |9 1503 
650 0 7 |a výber parciel  |2 snkbucl  |9 1467258 
773 0 |t Eurostav  |g Roč. 13, č. 2 (2007), s. 40-42  |x 1335-1249 
850 |a Slovenská národná knižnica 
852 |a Slovenská národná knižnica 
954 |a odborná, vedecká literatúra pôvodná (slovenská)  |2 lita 
958 |a article14 
958 |a OND 
958 |a EUIPO 
999 |c 2934331  |d 2936261